| 000 | 00600nam a22002297a 4500 | ||
|---|---|---|---|
| 003 | LC | ||
| 005 | 20160308152944.0 | ||
| 008 | 121116t xxu||||| |||| 00| 0 eng d | ||
| 020 | _a0451149513 | ||
| 020 | _a9780670813025 | ||
| 050 |
_aPS 3561 _b.K52 1987 |
||
| 082 |
_aFIC _bK58i 1986 |
||
| 100 |
_aKing, Stephen _919035 |
||
| 245 |
_aIt _cStephen King |
||
| 260 |
_aNew York : _bA Signet Books, _cc1987. |
||
| 300 |
_a1093 p. : _c18 cm |
||
| 650 | _aHorror tales -- Fiction. | ||
| 650 | _aClown -- Fiction. | ||
| 650 | _aHorror stories -- Fiction. | ||
| 942 |
_2lcc _cBK |
||
| 999 |
_c11417 _d11417 |
||